Statistiques concernant Députés et sénateurs célèbres

Cliquez ici pour prendre le quiz!

Statistiques générales

  • Ce quiz a été pris 125 fois
  • Le résultat moyen est 9 sur 19

Statistiques - réponses

IndiceEpoqueRéponse% Correct
Déportée devenue ministre puis première présidente du Parlement Européen5ème républiqueSimone Veil
88%
Un monument de la littérature française (et pas seulement Notre-Dame)2nde république
3ème république
Victor Hugo
85%
Avocat, puis ministre qui a aboli la peine de mort en France5ème républiqueRobert Badinter
83%
Président de la 5ème république, il fut sénateur et ministre de la 4ème4ème républiqueFrançois Mitterrand
81%
Fondateur de 'l'Humanité", assassiné en 1914 par un Vilain3ème républiqueJean Jaurès
77%
Promoteur de l'instruction publique et du colonialisme3ème républiqueJules Ferry
73%
Journaliste à l'Aurore (publie le "J'accuse" de Zola), avant de devenir Tigre3ème républiqueGeorges Clemenceau
67%
Poète martiniquais, député pendant 48 ans d'affilée !4ème et 5ème républiquesAimé Césaire
57%
Poète romantique, avec un fort tropisme pour un certain lacMonarchie de Juillet
2nde république
Alphonse de Lamartine
56%
Poète, écrivain, président du Sénégal4ème républiqueLéopold Sedar Senghor
55%
Philosophe américanophile ("De la démocratie en Amérique")Monarchie de juilletAlexis de Tocqueville
47%
L'un des fondateurs du mouvement anarchiste ("la propriété, c'est le vol")2nde républiquePierre-Joseph Proudhon
39%
Héros de la lutte contre l'esclavage, il en signa le décret d'abolition définitive en 1848. Il fut sénateur beaucoup plus tard.3ème républiqueVictor Schoelcher
39%
Auteur de romans ("Colomba"), de nouvelles et d'une célèbre dictée2nd empireProsper Mérimée
29%
Ecrivain romantique et breton ("Atala")RestaurationFrançois-René de Chateaubriand
28%
Mathématicien (calcul infinitésimal, géométrie), physicien (mécanique), membre d'une grande famille de scientifiques (thermodynamique) et de politiquesRévolution française, 100 joursLazare Carnot
14%
Auteur de plein de lois scientifiques (thermodynamique, probabilités, mécanique des fluides...). Sans parler de son équation ou de sa transformation...Révolution française
1er empire
Restauration
Pierre-Simon de Laplace
6%
Mathématicien (probabilités) et physicien, sa loi ne doit rien à l'ichtyologie...Monarchie de JuilletSiméon-Denis Poisson
6%
Physicien (gaz) et chimiste, son nom est désormais associé aux manifestations de mai 1968Monarchie de JuilletJoseph-Louis Gay-Lussac
4%

Distribution des résultats

Percentile par nombre de réponses

% des personnes avec chaque résultat

Votre développement - résultats

Vous n’avez pas pris ce quiz